[Event "San Francisco Benson Memorial"]
[Site "San Francisco"]
[Date "2016.08.23"]
[Round "4"]
[White "Smith, Mahlon A"]
[Black "James, Charles"]
[Result "1-0"]
[WhiteElo "2064"]
[BlackElo "1380"]
[PlyCount "70"]
[EventDate "2016.08.02"]
[EventType "swiss"]
[EventRounds "9"]
[EventCountry "USA"]
[SourceTitle "EXT 2018"]
[Source "ChessBase"]
[SourceDate "2017.10.13"]
[SourceVersion "1"]
[SourceVersionDate "2017.10.13"]
[SourceQuality "1"]

1. e4 c5 2. d4 cxd4 3. Nf3 Nc6 4. Nxd4 e5 5. Nb5 d6 6. c4 a6 7. N5a3 Nf6 8. Nc3 Be6 9. Nc2 Be7 10. Be2 0-0 11. 0-0 Rc8 12. Ne3 Nd4 13. Re1 Nxe2+ 14. Qxe2 Qd7 15. Ned5 Bd8 16. f3 h6 17. Be3 Nh7 18. g4 Nf6 19. h3 Rc6 20. Rad1 Qc8 21. b3 b5 22. cxb5 Rxc3 23. Nxc3 Qxc3 24. bxa6 d5 25. Rc1 Qa5 26. Rc5 Qa3 27. Rc6 d4 28. Bc1 Qe7 29. Qc2 Bd7 30. Rc7 Bxc7 31. Qxc7 Rc8 32. Qb7 Qd8 33. a7 Ra8 34. a3 Qc8 35. Qb6 Bc6 1-0

[Event "San Francisco TNM Summer op"]
[Site "San Francisco"]
[Date "2016.06.07"]
[Round "3"]
[White "Ochoa, Jason"]
[Black "Smith, Mahlon A"]
[Result "0-1"]
[WhiteElo "1893"]
[BlackElo "2060"]
[PlyCount "114"]
[EventDate "2016.05.24"]
[EventType "swiss"]
[EventRounds "8"]
[EventCountry "USA"]
[SourceTitle "EXT 2018"]
[Source "ChessBase"]
[SourceDate "2017.10.13"]
[SourceVersion "1"]
[SourceVersionDate "2017.10.13"]
[SourceQuality "1"]

1. c4 Nf6 2. g3 g6 3. Bg2 Bg7 4. e4 0-0 5. Ne2 c5 6. 0-0 Nc6 7. Nbc3 d6 8. d3 Bg4 9. h3 Bd7 10. Bg5 Re8 11. Qd2 Rb8 12. Rad1 a6 13. b3 b5 14. Kh2 Qa5 15. f4 b4 16. Bxf6 Bxf6 17. Nd5 Bg7 18. f5 Nd4 19. Nxe7+ Rxe7 20. f6 Bxf6 21. Rxf6 Re6 22. Rf2 Nxe2 23. Qxe2 Qd8 24. Rdf1 Be8 25. Qd2 Kg7 26. Rf4 h6 27. Qb2+ Kg8 28. h4 Rb7 29. Bh3 Re5 30. d4 cxd4 31. Qxd4 Qb6 32. Qd2 Rbe7 33. Bg2 a5 34. Rf6 R7e6 35. Qxh6 Rxf6 36. Rxf6 Qd4 37. Qf4 Kg7 38. Qf2 Rxe4 39. Qxd4 Rxd4 40. Rf2 a4 41. Bd5 a3 42. Kg2 Rd1 43. Kf3 f5 44. Ke2 Rg1 45. Bg2 Bf7 46. Kd3 Rc1 47. Rc2 Rxc2 48. Kxc2 Kf6 49. Kd3 Ke5 50. Bf3 d5 51. c5 Be8 52. Bg2 Bb5+ 53. Ke3 Bc4 54. c6 Kd6 55. bxc4 b3 56. c5+ Kxc6 57. Kd4 b2 0-1

[Event "San Francisco TNM Spring op"]
[Site "San Francisco"]
[Date "2015.03.31"]
[Round "3"]
[White "Clemens, Kristian"]
[Black "Smith, Mahlon A"]
[Result "0-1"]
[WhiteElo "1877"]
[BlackElo "2121"]
[PlyCount "56"]
[EventDate "2015.03.17"]
[EventType "swiss"]
[EventRounds "8"]
[EventCountry "USA"]
[SourceTitle "EXT 2016"]
[Source "ChessBase"]
[SourceDate "2015.10.08"]
[SourceVersion "1"]
[SourceVersionDate "2015.10.08"]
[SourceQuality "1"]

1. d4 Nf6 2. c4 g6 3. Nc3 d5 4. Bg5 Ne4 5. Nxe4 dxe4 6. e3 Bg7 7. Qc2 c6 8. Ne2 Qa5+ 9. Nc3 Qxg5 10. Nxe4 Qa5+ 11. Nc3 c5 12. Rd1 Bf5 13. Qd2 cxd4 14. exd4 Nc6 15. d5 Nd4 16. Bd3 0-0 17. 0-0 Bxd3 18. Qxd3 Nf5 19. Rb1 Qc5 20. Nb5 Nd6 21. Na3 Rac8 22. b4 Qd4 23. Qxd4 Bxd4 24. c5 Ne4 25. Nb5 Bf6 26. Rbc1 a6 27. Rfe1 Nxf2 28. Kxf2 axb5 0-1